| 000 | 00459nam a2200133Ia 4500 | ||
|---|---|---|---|
| 008 | 260210s9999 xx 000 0 und d | ||
| 024 | _a09B-19-BS & 09B-21-BS | ||
| 082 | _a606.3072 SHU | ||
| 100 | _aShujaat Iqbal Faqrooqui & Muhammad Shiraz | ||
| 245 | 0 | _aShape Features Extraction Using Artificial Neural Network (Back Propagation) | |
| 260 |
_aKarachi: _bUITU, _c2009 |
||
| 600 | _aComputer Science | ||
| 650 | _aBachelor of Computer Science (BS) | ||
| 999 |
_c31971 _d31971 |
||